000
00264nam a2200097Ia 4500
082
_a
J|323|ATKI
245
0
_a
Freedom debate : human rights
100
_a
Atkinson, Mary Oxford, 2009
_9
66255
942
_c
BK
008
210817s9999 xx 000 0 und d
999
_c
212463
_d
212462